书目信息 |
| 题名: |
J2EE web核心技术
|
|
| 作者: | 杨少波 主编 | |
| 分册: | ||
| 出版信息: | 北京 清华大学出版社 2011.01 |
|
| 页数: | 352页 | |
| 开本: | 26cm | |
| 丛书名: | 21世纪高等学校实用软件工程教育规划教材 | |
| 单 册: | ||
| 中图分类: | TP312JA | |
| 科图分类: | ||
| 主题词: | Java语言--Java Yu Yan--程序设计--高等学校--教材 | |
| 电子资源: | ||
| ISBN: | 978-7-302-23872-0 | |
| 000 | 01168nam 2200289 450 | |
| 001 | 296960 | |
| 005 | 20110830181107.92 | |
| 010 | @a978-7-302-23872-0@dCNY36.00 | |
| 100 | @a20110307d2011 ekmy0chiy50 ea | |
| 101 | 0 | @achi |
| 102 | @aCN@b110000 | |
| 105 | @aak a 000yy | |
| 106 | @ar | |
| 200 | 1 | @aJ2EE web核心技术@AJ2ee Web He Xin Ji Shu@eXhtml与Xml应用开发@f杨少波主编 |
| 210 | @a北京@c清华大学出版社@d2011.01 | |
| 215 | @a352页@c图@d26cm | |
| 225 | 2 | @a21世纪高等学校实用软件工程教育规划教材@A21 Shi Ji Gao Deng Xue Xiao Shi Yong Ruan Jian Gong Cheng Jiao Yu Gui Hua Jiao Cai |
| 320 | @a有书目 | |
| 330 | @a《J2EE Web核心技术:XHTML与XML应用开发》继续沿用已经出版的“J2EE项目实训”、“J2EE课程设计”系列教材的技术风格,选择目前比较热门的Web2.0技术、主流的J2EE平台中的各种核心技术,并结合项目开发的具体实例进行详细和深入介绍。 | |
| 410 | 0 | @12001 @a21世纪高等学校实用软件工程教育规划教材 |
| 517 | 1 | @aXhtml与Xml应用开发@AXhtml Yu Xml Ying Yong Kai Fa |
| 586 | @a | |
| 606 | 0 | @aJava语言@AJava Yu Yan@x程序设计@x高等学校@j教材 |
| 690 | @aTP312JA@v5 | |
| 701 | 0 | @a杨少波@AYang Shao Bo@4主编 |
| 801 | 0 | @aCN@c20110610 |
| 905 | @dTP312JA@eY2602 | |
| J2EE web核心技术:Xhtml与Xml应用开发/杨少波主编.-北京:清华大学出版社,2011.01 |
| 352页:图;26cm.-(21世纪高等学校实用软件工程教育规划教材) |
| ISBN 978-7-302-23872-0:CNY36.00 |
| 《J2EE Web核心技术:XHTML与XML应用开发》继续沿用已经出版的“J2EE项目实训”、“J2EE课程设计”系列教材的技术风格,选择目前比较热门的Web2.0技术、主流的J2EE平台中的各种核心技术,并结合项目开发的具体实例进行详细和深入介绍。 |
| ● |
| 相关链接 |
|
|
|
正题名:J2EE web核心技术
索取号:TP312JA/Y2602
 
预约/预借
| 序号 | 登录号 | 条形码 | 馆藏地/架位号 | 状态 | 备注 |
| 1 | 889746 | 208897461 | 自科二线504/504自科库 17排2列6层/ [索取号:TP312JA/Y2602] | 在馆 | |
| 2 | 889747 | 208897470 | 自科二线504/504自科库 17排2列6层/ [索取号:TP312JA/Y2602] | 在馆 | |
| 3 | 889748 | 208897489 | 自科二线504/504自科库 18排1列5层/ [索取号:TP312JA/Y2602] | 在馆 |